000 00922nam a2200193 i 4500
001 152389
003 ES-MaACL
005 20250811063146.0
008 931025s1819 sp |||| | spa d
100 1 _aBorbón, Francisco de Paula de,
_cInfante de España,
_d1794-1865
_9126077
245 1 0 _aDiscurso leído a la Real Sociedad Económica de Madrid por su protector y presidente... Francisco de Paula Antonio, infante de España :
_ben la Junta del 21 de mayo de 1819...
260 _aMadrid :
_b[s.n.],
_c1819 (
_fImp. de Sancha)
300 _a29 p. ;
_c19 cm.
594 _aTema del dicurso: Misión y utilidad de las sociedades patrióticas de amigos del país.
710 2 _aReal Sociedad Económica Matritense de Amigos del País.
_96389
852 4 _aES-MaACL
_jT-20-F-21
_z- Enc. hol., falto de cub. original
_z- Enc. en un vol. facticio
852 4 _aES-MaACL
_jT-11-F-4
999 _c152389
_d152389